000 00545nam a2200181Ia 4500
003 OSt
005 20251223142657.0
008 220917b |||||||| |||| 00| 0 eng d
037 _cTB
040 _aARTS
_cARTS
_beng
041 _2eng
_aeng
084 _aR3:(Q) K4
_qAL
100 _aNiebuhr Reinhold
_9859023
245 0 _aNature and destiny of man
_b a christian interpretation
260 _aNew York,UK:
_bCharles Scribner,
_c1964.
942 _hR3:(Q), K4-;1 (TTR)
_cTB
_2CC
_n0
999 _c195259
_d195259